00512nam a2200145Ia 4500008004100000020002200041040002900063050002200092100007000114245001400184260003000198942000700228952011600235999001500351221221s9999 xx 000 0 und d a978-0-07-301634-4 cChuka University Library aHF 5415bE89 2007 aEtzel, Michael J., Bruce J., Walker and William J. Stanton.92602 0aMarketing aMCGraw-HillbBostonc2007 cBK 001040708LGLaCHKbCHKcGENd2022-12-21l0oHF 5415.E89 2007p6664/2010r2022-12-21 00:00:00w2022-12-21yBK c3497d3497